| 000 | 00675cam a2200241 4500 | ||
|---|---|---|---|
| 001 | J3221 | ||
| 008 | 090401t xxu||||| |||| 00| 0 eng d | ||
| 035 | _a(Sirsi) u53756 | ||
| 041 | _aeng | ||
| 050 | _a711.73 | ||
| 110 |
_aKnight Frank and Rutley _91990 |
||
| 245 | 4 | _aThe M25 office floorspace survey. - Quarter 1, 1995 - Quarter 4, 1995 | |
| 260 |
_aLondon _bKnight Frank and Rutley _c1995-96 |
||
| 300 | _a4 pt. : ill. ; 30cm. | ||
| 350 | _a0 | ||
| 520 | _aFirm now known as Knight Frank. | ||
| 650 | _aFLOORSPACE STATISTICS | ||
| 650 | _aOFFICES | ||
| 690 | _aPROPERTY-COMMERCIAL PROPERTY | ||
| 710 |
_aKnight Frank _91530 |
||
| 942 | _n0 | ||
| 948 | _c04/03/1997 | ||
| 999 |
_c93330 _d93330 |
||